| 000 | 01034nam a2200253 i 4500 | ||
|---|---|---|---|
| 003 | EG-ScBUE | ||
| 005 | 20230323114206.0 | ||
| 008 | 100722s1997 ua f 000 0 ara d | ||
| 017 | _a1997 / 3104 | ||
| 020 | _a9770151149 | ||
| 040 |
_aEG-ScBUE _bara _erda _cEG-ScBUE _dEG-ScBUE |
||
| 082 | 0 | 4 |
_222 _a791.437 _bث ا ب |
| 100 | 1 |
_916645 _aثابت، مدكور، _eمؤلف. |
|
| 245 | 1 | 0 |
_aتلج .. فوق صدور ساخنة / _cقصة وسيناريو وحوار مدكور ثابت ؛ مع تعقيب وتحليل بأقلام إبراهيم فتحى [وأربعة آخرون]. |
| 264 | 1 |
_aالقاهرة : _bالهيئة المصرية العامة للكتاب، _c1997. |
|
| 300 |
_a405 صفحة ؛ _c24 سم. |
||
| 490 | 0 | _aمن أدب السرد السينمائي | |
| 541 |
_aألف باء ؛ _cشراء ؛ |
||
| 650 | 7 |
_916393 _aالأفلام السينمائية _xتأليف. _2BUEsh |
|
| 653 | _bART | ||
| 655 | _vReading book | ||
| 700 | 1 |
_916646 _aفتحي، إبراهيم، _eمعقب. |
|
| 942 |
_2ddc _cBB |
||
| 999 |
_c14526 _d14526 |
||